000 00567nam a2200193 a 4500
005 20220809101449.0
008 090625s2006 mx r 000 0 spa d
020 _a9707183799
035 _aUPN01000171467
049 _aC
050 4 _aN6923 B9
_bG6.5
100 1 _aGosselin, Jean-Matthieu
245 1 0 _aMiguel Angel /
_cJean-Matthieu Gosselin ; tr. María Fuentes.
260 _aNaucalpan, Edo. de Méx. :
_bNumen,
_c2006.
300 _a80 p. :
_bil. col.
440 0 _aArte a través del tiempo
600 0 0 _aMiguel Ángel,
_d1475-1564
_99489
905 _aLibro
999 _c143572
_d143572